000 00802nas a2200265 4500
001 BR2015000337
003 BR-BrBNA
005 20231205124956.0
007 ta
008 230509b bl.|||p| |||| 00| 00por d
040 _aBR-BrBNA
_bpor
_cBiblioteca Nacional de Agricultura
041 _a(Pt)
072 _aS01
100 1 _aCielo, F.
100 1 _aColusso, A.
100 1 _aBasso, C.
245 1 _aAvaliação do índice de resto e sobras de um serviço de alimentação de Santa Maria, RS
650 _aALIMENTAÇÃO
650 _aDESPERDICIO
650 _aTREINAMENTO
650 _aRIO GRANDE DO SUL
773 0 _tHigiene Alimentar (Brazil)
_xISSN 0101-9171
_g(Mar-Apr 2013), v. 27(218-219) p. 26-29
_wBR2015000337
909 _a202311
_bLúcia
_c55
_dLúcia Elande
942 _2AGRIS
_n0
_cANA
999 _c241932
_d241932